000 00498nam a2200169 i 4500
001 72556
003 ES-MaACL
005 20230906171455.0
007 t|
008 040901s1930 xxu ||||1| eng d
100 1 _aGiulian, Anthony A.
_957360
245 1 0 _aMartial and the epigram in Spain in the sixteenth and seventeenth centuries /
_cAnthony A. Goiulian.
260 _aPhiladelphia :
_b[s.n.],
_c1930.
300 _a118 p. ;
_c23 cm.
502 _aTesis doctoral.
852 _aES-MaACL
_jA-209
999 _c72556
_d72556